| 000 | 01870naa a22002057a 4500 | ||
|---|---|---|---|
| 001 | 232474 | ||
| 003 | ES-MaBCM | ||
| 005 | 20260224142043.0 | ||
| 008 | 260224s2025 sp ||||| |||| 00| 0 spa d | ||
| 040 | _cES-MaBCM | ||
| 100 | 1 |
_aParedes Castañón, José Manuel _935413 |
|
| 245 | 1 | 0 |
_aPolítica criminal y proceso político democrático : _blos límites de la racionalidad y el papel de los expertos _cJosé Manuel Paredes Castañon |
| 504 | _aBibliografía: p. 106-110 | ||
| 520 | _aAunque en la bibliografía reciente son abundantes los análisis críticos de los procesos legislativos en materia penal, sin embargo, lo más usual es que la perspectiva adoptada sea bien un punto de vista estrictamente empírico (proporcionando una narración de dichos procesos), o bien uno de índole normativa (valorando la adecuación de los mismos y haciendo propuestas para mejorarlos). En cambio, no es frecuente que en dichos análisis se presente una teoría del proceso legislativo en cuestiones político-criminales que atienda a las características específicas que el proceso político reviste en las democracias contemporáneas de masas y de opinión pública. Y que, por ello, permita comprender adecuadamente las dinámicas causales (sociológicas, psicosociales y políticas) que condicionan los resultados posibles del debate político-criminal real (no el de los teóricos, sino el de los actores políticos) en tales sistemas políticos, así como el papel de los expertos dentro del mismo. Proponer un modelo para dicha teoría es precisamente el objetivo de este trabajo. | ||
| 650 | 7 |
_aProcedimiento legislativo _959901 |
|
| 650 | 7 |
_aDerecho penal _958346 |
|
| 650 | 7 |
_aCambio de régimen político _957801 |
|
| 773 | 0 |
_dValencia _gN.38 (jun. 2025), p. [86]-111 - Loc S.516 _tTeoría y derecho: revista de pensamiento jurídico _w154052 |
|
| 942 |
_2udc _cAREV |
||
| 999 |
_c232474 _d232474 |
||